A propriedade no direito brasileiro uma visô histr̤ica /

Detalles Bibliográficos
Autor principal: de Azevedo Gomes, Rosńgela Maria
Formato: eBook
Lenguaje:portugués
Publicado: Rio de Janeiro: Editora Processo, 2014
Materias:
Acceso en línea:Acceso restringido

MARC

LEADER 00000nam a22000007a 4500
005 20220718215443.0
007 cr|||| |||
008 220718s2014 br |||||s|||| 00||0 por d
020 |a 978-85-93741-81-4 
035 |a 36719 
040 |a vLex 
090 |c 13570  |d 13570 
100 1 |a de Azevedo Gomes, Rosńgela Maria 
245 1 1 |a A propriedade no direito brasileiro  |h [Recurso electrn̤ico] :  |b uma visô histr̤ica /  |c Rosńgela Maria de Azevedo Gomes 
256 |a Servicio en ln̕ea 
260 |a Rio de Janeiro:  |b Editora Processo,  |c 2014 
300 |a 1 recurso electrn̤ico 
500 |a O direito de propriedade, como sendo um dos pilares do Direito Privado, segue sendo um desafio para seu estudo. A complexidade e dimensô de seu alcance geram a falsa noȯ̂ de absolutizaȯ̂. A mudanȧ de paradigma aportada com a Constituiȯ̂ Federal brasileira de 1988, que elevou a propriedade e a sua funȯ̂ social ao patamar de garantia de direitos fundamentais, tem suas raz̕es, no solo brasiliero, em outros instrumentos jurd̕icos que se somam ao Cd̤igo Civil para traduzir a realidade histr̤ica, econm̥ica e social inscrita no tempo. Este exercc̕io de olhar o passado para entender a dimensô da propriedade no presente ̌o desafio que se prope̳ ao leitor. 
506 1 |a Disponible solo en los productos indicados  |d vLex Global  |d vLex Global (Academic Edition, excluding Law Schools)  |d vLex Global (U.S. Academic Edition, Law Schools)  |d vLex Global (U.S. Academic Edition, excluding Law Schools)  |d vLex Global (Academic Edition, Law Schools) 
650 0 4 |a Derecho Civil  |z Brasil 
740 0 |a vLex Libros (Servicio en ln̕ea) 
856 4 0 |u https://app.vlex.com/#/sources/36719  |z Acceso restringido 
942 |c BOOK 
999 0 |a Civil Law